BSOP header

The Louvre. (Record no. 43964)

MARC details
000 -LEADER
fixed length control field 00833nam a2200289 a 4500
001 - CONTROL NUMBER
control field 3928323
005 - DATE AND TIME OF LATEST TRANSACTION
control field 20181002160733.0
008 - FIXED-LENGTH DATA ELEMENTS--GENERAL INFORMATION
fixed length control field 920226s1991 enkab 000 0 eng
010 ## - LIBRARY OF CONGRESS CONTROL NUMBER
LC control number 92122460
020 ## - INTERNATIONAL STANDARD BOOK NUMBER
International Standard Book Number 1870248805
040 ## - CATALOGING SOURCE
Original cataloging agency DLC
Transcribing agency DLC
041 1# - LANGUAGE CODE
Language code of text/sound track or separate title eng
Language code of original and/or intermediate translations of text fre
043 ## - GEOGRAPHIC AREA CODE
Geographic area code e-fr---
-- aw-----
100 1# - MAIN ENTRY--PERSONAL NAME
Personal name Caubet, Annie.
245 14 - TITLE STATEMENT
Title The Louvre.
Name of part/section of a work Near Eastern antiquities /
Statement of responsibility, etc Annie Caubet and Marthe Bernus-Taylor ; [translated by Alexandra Trone].
260 ## - PUBLICATION, DISTRIBUTION, ETC. (IMPRINT)
Place of publication, distribution, etc London :
Name of publisher, distributor, etc Scala Books,
Date of publication, distribution, etc c1991.
300 ## - PHYSICAL DESCRIPTION
Extent 95 p. :
Other physical details col. ill., maps ;
Dimensions 29 cm.
336 ## - CONTENT TYPE
Content Type Term text
337 ## - MEDIA TYPE
Media Type Term unmediated
338 ## - CARRIER TYPE
Carrier Type Term volume
500 ## - GENERAL NOTE
General note Translated from French.
610 20 - SUBJECT ADDED ENTRY--CORPORATE NAME
Corporate name or jurisdiction name as entry element Musée du Louvre.
650 #0 - SUBJECT ADDED ENTRY--TOPICAL TERM
Topical term or geographic name as entry element Art
Geographic subdivision Middle East.
650 #0 - SUBJECT ADDED ENTRY--TOPICAL TERM
Topical term or geographic name as entry element Art
Geographic subdivision France
-- Paris.
700 2# - ADDED ENTRY--PERSONAL NAME
Personal name Bernus-Taylor, Marthe.
942 ## - ADDED ENTRY ELEMENTS (KOHA)
Source of classification or shelving scheme Library of Congress Classification
Item type Books
Holdings
Withdrawn status Lost status Source of classification or shelving scheme Damaged status Not for loan Home library Current library Shelving location Date acquired Source of acquisition Inventory number Total Checkouts Full call number Barcode Date last seen Price effective from Koha item type
    Library of Congress Classification     BSOP Library BSOP Library GC 10/02/2018 Donated by Dr. David and Oprah Weisberg 43500   N7265 C31 1991 00054500 10/02/2018 10/02/2018 Books
BSOP

Biblical Seminary of the Philippines
  All rights Reserved
  © 2024

CONTACT INFORMATION

Biblical Seminary of the Philippines,
  77-B Karuhatan Road, Valenzuela City,
  PHILIPPINES 1441
  Phone: +632 8292-6795 / 8292-6798
  Fax : +632 8292-6675
  Email: library@bsop.edu.ph